000 00631nam a22001937a 4500
005 20240318165927.0
010 _aENG-139765
020 _a9788125042921
_c1705.00
035 _aEN-123297
037 _bDBAD/PUB
082 _a320.54
_21
100 _aBannerji, Himani
_963520
245 _aDemography & Democracy:
_cBy Himani Bannerji
_bEssays on Nationalism, Gender and Ideology/
250 _a1
260 _aHyderabad
_bOrient Blackswan Private Ltd
_c2011
270 _a3-6-752, Himayatnagar
_bHyderabad
_e500029
_minfo@orintblackswan.com
300 _a274p.
_c22cm(hbk)
942 _2ddc
_h320.54
_cEN
_mBAN
_e1
999 _c201574
_d201574